Gramática francesa y método para aprenderla

Salvato in:
Dettagli Bibliografici
Autore principale: Benot, Eduardo
Natura: Sconosciuto
Lingua:spagnolo
Pubblicazione: Madrid Librería de la Viuda de Hernando y Cía 1891
Edizione:10a ed.
Catalogo:MANES:  Risultati della ricerca del catalogo della biblioteca
Libro di testo Classificazione:
Accesso online:Biblioteca Virtual del Patrimonio Bibliográfico
Tags: Aggiungi Tag
Nessun Tag, puoi essere il primo ad aggiungerne!!
Aggiunto a:2016-04-26
Cambiato in:2022-07-27

MARC

LEADER 000000000a22000000004500
001 34598
003 OSt
005 20220728015117.0
008 160427s sp ||||| |||| 00| 0 spa d
040 |a manes  |c manes 
041 |a Español 
100 1 |a Benot, Eduardo  |9 19965 
245 0 0 |a Gramática francesa y método para aprenderla 
250 |a 10a ed. 
260 3 |a Madrid  |b Librería de la Viuda de Hernando y Cía  |c 1891 
300 |a 187 p.  |c 22 cm 
500 |a Signatura: T26/49 -- Enc. ed. en tela  
546 |a España 
690 7 |a LE 
691 0 |a SE 
856 |z Biblioteca Virtual del Patrimonio Bibliográfico   |u http://bvpb.mcu.es/es/consulta/registro.cmd?id=409143 
942 |2 ddc  |c BK 
999 |c 41596  |d 41596 
999 |c manes:41596  |d 41596